| 000 | 00614nam a2200193Ii 4500 | ||
|---|---|---|---|
| 003 | JO-AjNU | ||
| 008 | 230605s9999||||xx |||||||||||||| ||und|| | ||
| 040 |
_aJO-AjNU _bara _erda _cJO-AjNU |
||
| 041 | _aara | ||
| 050 | 1 | 4 | _aBP165.Q7888 |
| 100 | 3 |
_aقطب، محمد, _eauthor _935601 |
|
| 245 | 0 | 0 | _aرؤية إسلامية لأحوال العالم المعاصر |
| 264 | 3 | 1 | _aالقاهرة: مكتبة السنة،د.ت |
| 300 | _a252ص | ||
| 336 |
_atext _btxt _2rdacontent |
||
| 337 |
_aunmediated _bn _2rdamedia |
||
| 338 |
_avolume _bnc _2rdacarrier |
||
| 650 | 4 |
_aالاسلام والاصلاح _935602 |
|
| 999 |
_aA14714 _c18282 _d18282 |
||